000 02348nam0a2200361 4500
001 RU\NLR\BIBL_A\011547180
005 20260408125418.0
010 _a9785831110685
_9500
021 _aRU
_b2017-86294
_96166
035 _a(RuMoRGB)009456983
035 _a(NLR Aleph) 011547180
090 _a12225959
_c12225959
100 _a20171205d2017 k y0rusy50 ca
101 1 _arus
_aeng
102 _aRU
105 _aag z 000zy
200 1 _aХудожественная литература и история: контексты и взаимодействия
_eматериалы XI Международной научной конференции "Художественный текст и культура"
_fМинистерство образования и науки Российской Федерации, Федеральное государственное бюджетное образовательное учреждение высшего образования "Владимирский государственный университет им. Александра Григорьевича и Николая Григорьевича Столетовых"
_g[редкол.: С. А. Мартьянова (отв. ред.)]
210 _aВладимир
_cТранзит-ИКС
_d2017
215 _a178, [1] с.
_cил., портр.
_d20
300 _aЧасть текста на англ. яз.
320 _aБиблиогр. в конце ст. и в подстроч. примеч.
606 1 _aМировая литература и история
_jСъезды, совещания и т.п.
_92402356
_3RU\NLR\AUTH\661431928
686 _aШ5(2=Р)-303я431(0)
_2rubbk
686 1 _aШ5(0)-303я431
702 1 _aМартьянова
_bС. А.
_gСветлана Алексеевна
_4340
711 1 2 _a"Художественный текст и культура", международная научная конференция
_d11
_eВладимир
_f2015
_9580665
_3RU\NLR\AUTH\880458870
712 0 2 _4557
_aВладимирский государственный университет им. А. Г. и Н. Г. Столетовых
_9437180
_3RU\NLR\AUTH\889970406
942 _cBOOK
980 _aNBR